[Event "Sharjah Masters-A 8th"]
[Site "Sharjah"]
[Date "2025.05.24"]
[Round "8"]
[White "Akobian, Varuzhan"]
[Black "Siddharth, Jagadeesh"]
[Result "0-1"]
[WhiteElo "2564"]
[BlackElo "2472"]
[PlyCount "118"]
[EventDate "2025.05.17"]
[EventType "swiss"]
[EventRounds "9"]
[EventCountry "UAE"]
[SourceTitle "CB22_2025"]
[SourceDate "2025.05.28"]
[SourceVersion "1"]
[SourceVersionDate "2025.05.28"]
[SourceQuality "1"]

1. d4 Nf6 2. c4 e6 3. Nf3 d5 4. Nc3 Be7 5. cxd5 exd5 6. Bg5 c6 7. Qc2 g6 8. e3 Bf5 9. Bd3 Bxd3 10. Qxd3 Nbd7 11. 0-0 0-0 12. Rab1 Re8 13. Qc2 a5 14. Rfc1 Nf8 15. a3 N6d7 16. Bxe7 Qxe7 17. b4 Nb6 18. Nd2 a4 19. Ne2 Rec8 20. Qc5 Qd8 21. Nf4 Kg7 22. Qc3 Qe7 23. Qc5 Qd8 24. Qc3 Qe7 25. h3 Ne6 26. Nd3 Ra7 27. Nf4 Nxf4 28. exf4 Raa8 29. Re1 Qf6 30. g3 Re8 31. Kg2 Re6 32. Re5 Nd7 33. Nf3 Nxe5 34. dxe5 Qd8 35. Nd4 Re8 36. f5 Kg8 37. Re1 f6 38. e6 Re7 39. Qf3 Qf8 40. g4 Rae8 41. Qf4 gxf5 42. Qxf5 Qh6 43. f4 Qg6 44. Qxg6+ hxg6 45. f5 gxf5 46. gxf5 Rg7+ 47. Kf2 Kf8 48. Rc1 Rc8 49. Rc5 Ke7 50. Ra5 Kd6 51. Nf3 Rh8 52. Rxa4 Rh5 53. Nd4 Ke5 54. b5 c5 55. Nf3+ Kxf5 56. h4 Kxe6 57. Ra8 Rf5 58. Rc8 d4 59. a4 Rg4 0-1

[Event "Sharjah Masters-A 8th"]
[Site "Sharjah"]
[Date "2025.05.19"]
[Round "3"]
[White "Nigmatov, Ortik"]
[Black "Akobian, Varuzhan"]
[Result "1-0"]
[WhiteElo "2457"]
[BlackElo "2564"]
[PlyCount "91"]
[EventDate "2025.05.17"]
[EventType "swiss"]
[EventRounds "9"]
[EventCountry "UAE"]
[SourceTitle "CB22_2025"]
[SourceDate "2025.05.28"]
[SourceVersion "1"]
[SourceVersionDate "2025.05.28"]
[SourceQuality "1"]

1. e4 e6 2. d4 d5 3. Nd2 c5 4. exd5 Qxd5 5. Ngf3 cxd4 6. Bc4 Qd6 7. Ne4 Qb4+ 8. Nfd2 Nc6 9. 0-0 Nf6 10. c3 Qb6 11. Nxf6+ gxf6 12. Ne4 Be7 13. cxd4 Qxd4 14. Qe2 f5 15. Nc3 a6 16. Rd1 Qg4 17. f3 Qh4 18. Be3 0-0 19. Bb6 Bd8 20. Bc5 b5 21. Bxf8 Kxf8 22. Rd6 Nd4 23. Qe5 Bf6 24. Qc5 Kg7 25. Bf1 Bb7 26. Rd1 Nxf3+ 27. gxf3 Bxf3 28. Bg2 Bxd1 29. Bxa8 Qe1+ 30. Kg2 Bg4 31. Rd3 b4 32. Qxb4 e5 33. Qc5 e4 34. Rg3 h5 35. Qf2 Qc1 36. Qxf5 Qxb2+ 37. Qf2 Bxc3 38. Qxb2 Bxb2 39. h3 f5 40. hxg4 hxg4 41. Rb3 Be5 42. Rb6 e3 43. Re6 Bd4 44. Kg3 a5 45. Bd5 a4 46. Kf4 1-0

[Event "Titled Tuesday intern op 06th May Early"]
[Site "Chess.com INT"]
[Date "2025.05.06"]
[Round "7"]
[White "Akobian, Varuzhan"]
[Black "Dinesh, Rajan M"]
[Result "1-0"]
[WhiteElo "2564"]
[BlackElo "2133"]
[PlyCount "141"]
[EventDate "2025.05.06"]
[EventType "swiss (blitz)"]
[EventRounds "11"]
[EventCountry "USA"]
[SourceTitle "CB20_2025"]
[SourceDate "2025.05.14"]
[SourceVersion "1"]
[SourceVersionDate "2025.05.14"]
[SourceQuality "1"]

1. d4 d5 2. c4 e6 3. Nc3 Nf6 4. cxd5 exd5 5. Bg5 Bb4 6. Qa4+ Nc6 7. e3 h6 8. Bxf6 Qxf6 9. Nf3 0-0 10. Be2 Bd7 11. Qb3 Qd6 12. a3 Bxc3+ 13. bxc3 Na5 14. Qb4 b6 15. Ne5 c5 16. Qb2 Rfc8 17. Nxd7 Qxd7 18. 0-0 Qa4 19. Rfb1 c4 20. Bd1 Qd7 21. Qb5 Qe6 22. a4 Rd8 23. Ra2 Rd6 24. Re2 a6 25. Qb4 Nc6 26. Qa3 Rb8 27. Bc2 Qd7 28. e4 dxe4 29. Bxe4 b5 30. axb5 axb5 31. Qc5 b4 32. Qxc4 bxc3 33. Rxb8+ Nxb8 34. d5 Nc6 35. Ra2 f5 36. Bc2 Ne7 37. Qxc3 Kh7 38. g3 Rxd5 39. Kg2 Qb7 40. Qf3 Rb5 41. Qxb7 Rxb7 42. h4 h5 43. Ra6 g6 44. Re6 Kg7 45. Bd3 Rc7 46. Rd6 Nc6 47. Rd5 Nb4 48. Rd4 Nxd3 49. Rxd3 Kf6 50. Kf3 Re7 51. Rd6+ Kf7 52. Kf4 Re4+ 53. Kg5 Rg4+ 54. Kh6 f4 55. Rd4 fxg3 56. Rxg4 hxg4 57. fxg3 Kf6 58. Kh7 Kf5 59. Kg7 Ke4 60. Kxg6 Kf3 61. h5 Kxg3 62. h6 Kf2 63. h7 g3 64. h8Q g2 65. Qd4+ Kf1 66. Qf4+ Ke2 67. Qg3 Kf1 68. Qf3+ Kg1 69. Kh5 Kh2 70. Qf4+ Kh3 71. Qh4# 1-0

[Event "Titled Tuesday intern op 06th May Early"]
[Site "Chess.com INT"]
[Date "2025.05.06"]
[Round "9"]
[White "Akobian, Varuzhan"]
[Black "Smirnov, Mark1"]
[Result "0-1"]
[WhiteElo "2564"]
[BlackElo "2348"]
[PlyCount "116"]
[EventDate "2025.05.06"]
[EventType "swiss (blitz)"]
[EventRounds "11"]
[EventCountry "USA"]
[SourceTitle "CB20_2025"]
[SourceDate "2025.05.14"]
[SourceVersion "1"]
[SourceVersionDate "2025.05.14"]
[SourceQuality "1"]

1. d4 Nf6 2. c4 e6 3. Nf3 d5 4. cxd5 exd5 5. Nc3 Bb4 6. Qa4+ Nc6 7. Bg5 h6 8. Bxf6 Qxf6 9. e3 0-0 10. Be2 Be6 11. a3 Bxc3+ 12. bxc3 Ne7 13. 0-0 c5 14. dxc5 Rfc8 15. Qd4 Qg6 16. Rab1 Rc7 17. Ne5 Qg5 18. Nd3 Nc6 19. Qf4 Qxf4 20. Nxf4 Ne5 21. Rfc1 Rac8 22. h3 g5 23. Nxe6 fxe6 24. Rb5 Nd7 25. c4 Rxc5 26. Rxb7 Ne5 27. Rxa7 dxc4 28. Rc3 Rb8 29. f4 gxf4 30. exf4 Nc6 31. Rc7 Nd4 32. Rxc5 Nxe2+ 33. Kf2 Nxc3 34. Rxc4 Rb3 35. a4 Ra3 36. g4 Kf7 37. Kg2 Nd5 38. Rd4 Kf6 39. f5 Ne3+ 40. Kf2 exf5 41. gxf5 Nxf5 42. Rb4 Rxh3 43. Rb6+ Kg5 44. a5 Ra3 45. a6 h5 46. Kg2 h4 47. Rb8 Rxa6 48. Rg8+ Rg6 49. Rf8 Kf4+ 50. Kh3 Rg3+ 51. Kh2 Ra3 52. Rf7 Kg4 53. Rf8 Ra2+ 54. Kg1 h3 55. Rg8+ Kf3 56. Rh8 Rg2+ 57. Kf1 Ne3+ 58. Ke1 Re2# 0-1

[Event "Titled Tuesday intern op 01st Apr Early"]
[Site "Chess.com INT"]
[Date "2025.04.01"]
[Round "4"]
[White "Akobian, Varuzhan"]
[Black "Kopczynski, Michal"]
[Result "1-0"]
[WhiteElo "2564"]
[BlackElo "2225"]
[PlyCount "97"]
[EventDate "2025.04.01"]
[EventType "swiss (blitz)"]
[EventRounds "11"]
[EventCountry "USA"]
[SourceTitle "CB15_2025"]
[SourceDate "2025.04.09"]
[SourceVersion "1"]
[SourceVersionDate "2025.04.09"]
[SourceQuality "1"]

1. d4 Nf6 2. c4 g6 3. Nc3 Bg7 4. e4 d6 5. Nf3 0-0 6. h3 e5 7. d5 Ne8 8. g4 c5 9. Bd3 Na6 10. Bg5 f6 11. Be3 Nac7 12. Qd2 a6 13. a4 Rb8 14. Rg1 Bd7 15. a5 b5 16. axb6 Rxb6 17. h4 Qb8 18. Ra2 Qb7 19. h5 g5 20. Nh2 h6 21. f3 Rb4 22. Nf1 Na8 23. Qc2 Nec7 24. Nd2 Rb8 25. b3 Qa7 26. Ke2 R4b6 27. Rga1 Qb7 28. Ra5 Qc8 29. Na4 R6b7 30. Bxc5 dxc5 31. Nxc5 Bxg4 32. Nxb7 Rxb7 33. fxg4 Qxg4+ 34. Nf3 Qxh5 35. Rf1 Bf8 36. c5 g4 37. Ne1 g3+ 38. Kd2 Nb5 39. Bxb5 Rxb5 40. Rxb5 axb5 41. d6 Qh3 42. Qd3 h5 43. Qf3 Bh6+ 44. Kd1 Bg5 45. Ng2 Kf7 46. c6 Qe6 47. Qd3 Nb6 48. d7 f5 49. Rxf5+ 1-0

[Event "Titled Tuesday intern op 04th Mar Early"]
[Site "Chess.com INT"]
[Date "2025.03.04"]
[Round "6"]
[White "Deac, Bogdan Daniel"]
[Black "Akobian, Varuzhan"]
[Result "1-0"]
[WhiteElo "2692"]
[BlackElo "2564"]
[PlyCount "61"]
[EventDate "2025.03.04"]
[EventType "swiss (blitz)"]
[EventRounds "11"]
[EventCountry "USA"]
[SourceTitle "CB11_2025"]
[SourceDate "2025.03.12"]
[SourceVersion "1"]
[SourceVersionDate "2025.03.12"]
[SourceQuality "1"]

1. d4 d5 2. c4 e6 3. Nf3 Nf6 4. Nc3 Be7 5. Bf4 0-0 6. e3 b6 7. Bd3 Bb7 8. 0-0 a6 9. cxd5 Nxd5 10. Nxd5 exd5 11. Qc2 c5 12. dxc5 Kh8 13. cxb6 Qxb6 14. Bc7 Qc6 15. Rfc1 Qxc2 16. Rxc2 Nc6 17. a3 Rfc8 18. Bb6 g6 19. Rac1 Bf6 20. b4 Kg7 21. h3 Ne5 22. Nxe5 Bxe5 23. Bd4 Bxd4 24. exd4 Rxc2 25. Rxc2 Kf6 26. Rc7 Rb8 27. f3 Bc8 28. Rc6+ Kg5 29. Rd6 Bf5 30. Rxd5 Kf4 31. Kf2 1-0

[Event "Titled Tuesday intern op 04th Mar Early"]
[Site "Chess.com INT"]
[Date "2025.03.04"]
[Round "4"]
[White "Salimova, Asal"]
[Black "Akobian, Varuzhan"]
[Result "0-1"]
[WhiteElo "2050"]
[BlackElo "2564"]
[PlyCount "118"]
[EventDate "2025.03.04"]
[EventType "swiss (blitz)"]
[EventRounds "11"]
[EventCountry "USA"]
[SourceTitle "CB11_2025"]
[SourceDate "2025.03.12"]
[SourceVersion "1"]
[SourceVersionDate "2025.03.12"]
[SourceQuality "1"]

1. d4 e6 2. c4 f5 3. g3 Nf6 4. Bg2 d5 5. Nf3 c6 6. 0-0 Bd6 7. b3 Qe7 8. Qc2 0-0 9. Bb2 Bd7 10. Nc3 Be8 11. Nh4 g5 12. Nf3 h6 13. cxd5 cxd5 14. a4 Nc6 15. Nb5 Nb4 16. Qd2 Bxb5 17. axb5 Ne4 18. Qd1 Qd7 19. h4 g4 20. Nd2 Qxb5 21. Nxe4 dxe4 22. Qd2 Kh7 23. Bc1 Rf6 24. f3 gxf3 25. exf3 e3 26. Qxe3 Nc2 27. Qc3 Nxa1 28. Qxa1 Bxg3 29. d5 Qc5+ 30. Kh1 e5 31. f4 Re8 32. fxe5 Bxe5 33. Qa2 Qd4 34. Qf2 Qxf2 35. Rxf2 Bg3 36. Rf1 Re1 37. Rxe1 Bxe1 38. Bf4 Bb4 39. Kg1 Bd6 40. Be3 b6 41. Bd4 Bc5 42. Bxc5 bxc5 43. Kf2 Rb6 44. Bh3 Kg6 45. h5+ Kxh5 46. Bxf5 Rxb3 47. d6 Rb6 48. d7 Rd6 49. Ke3 Kg5 50. Bh3 Kf6 51. Ke4 Ke7 52. Bg4 a5 53. Ke5 a4 54. Bd1 a3 55. Bb3 Rxd7 56. Ba2 h5 57. Kf5 Rd2 58. Bb3 a2 59. Bxa2 Rxa2 0-1

[Event "Chessable Masters Play In"]
[Site "Chess.com INT"]
[Date "2025.02.17"]
[Round "4"]
[White "Akobian, Varuzhan"]
[Black "Demchenko, Anton"]
[Result "1-0"]
[WhiteElo "2564"]
[BlackElo "2619"]
[PlyCount "83"]
[EventDate "2025.02.17"]
[EventType "swiss (blitz)"]
[EventRounds "9"]
[EventCountry "USA"]
[SourceTitle "CB08_2025"]
[SourceDate "2025.02.19"]
[SourceVersion "1"]
[SourceVersionDate "2025.02.19"]
[SourceQuality "1"]

1. d4 Nf6 2. c4 d6 3. Nf3 Nc6 4. Nc3 e5 5. Bg5 h6 6. Bxf6 Qxf6 7. Nd5 Qd8 8. e3 g6 9. dxe5 Nxe5 10. Be2 Nxf3+ 11. Bxf3 Bg7 12. Qd2 c6 13. Nc3 Be6 14. b3 Qa5 15. Rc1 0-0 16. Kd1 Rfd8 17. Ke2 Qa6 18. Qd3 Bf5 19. e4 Be6 20. Rc2 Qa5 21. Rd1 Qe5 22. g3 d5 23. cxd5 cxd5 24. Kf1 Bh3+ 25. Bg2 Bxg2+ 26. Kxg2 dxe4 27. Qxd8+ Rxd8 28. Rxd8+ Kh7 29. Nd5 Qg5 30. Rcc8 h5 31. Ne3 h4 32. Rd7 Qf6 33. gxh4 Qf3+ 34. Kg1 Be5 35. Rf8 Qh3 36. Rfxf7+ Kg8 37. Nf1 Qg4+ 38. Ng3 Bd4 39. Rfe7 Qd1+ 40. Kg2 Qf3+ 41. Kh3 Bc5 42. Rd8+ 1-0

[Event "Chessable Masters Play In"]
[Site "Chess.com INT"]
[Date "2025.02.17"]
[Round "2"]
[White "Akobian, Varuzhan"]
[Black "Iturrizaga Bonelli, Eduardo"]
[Result "1-0"]
[WhiteElo "2564"]
[BlackElo "2577"]
[PlyCount "117"]
[EventDate "2025.02.17"]
[EventType "swiss (blitz)"]
[EventRounds "9"]
[EventCountry "USA"]
[SourceTitle "CB08_2025"]
[SourceDate "2025.02.19"]
[SourceVersion "1"]
[SourceVersionDate "2025.02.19"]
[SourceQuality "1"]

1. d4 Nf6 2. c4 e6 3. Nf3 b6 4. a3 Bb7 5. Nc3 d5 6. Bg5 Be7 7. e3 0-0 8. Rc1 h6 9. Bxf6 Bxf6 10. cxd5 exd5 11. b4 c6 12. Bd3 Nd7 13. Qb3 b5 14. a4 a6 15. a5 Re8 16. 0-0 Be7 17. Ne2 Bd6 18. Rc2 Qf6 19. Rfc1 Nf8 20. Ng3 g6 21. Re1 Ne6 22. Rec1 Rac8 23. Nf1 h5 24. Qb2 Rc7 25. Ne5 Bxe5 26. dxe5 Qe7 27. Nd2 c5 28. bxc5 Nxc5 29. Be2 Na4 30. Qd4 Rec8 31. Rxc7 Rxc7 32. Rxc7 Qxc7 33. Nb3 Bc8 34. Bd3 Be6 35. h3 Qc8 36. Kh2 Bf5 37. Bxf5 Qxf5 38. Qxd5 Qxf2 39. e6 fxe6 40. Qxe6+ Qf7 41. Qc8+ Kg7 42. Nd4 Qe7 43. Qxa6 Qe5+ 44. Kh1 Nc3 45. Qb7+ Kh6 46. Qf3 Nd5 47. Qf8+ Kh7 48. Qf7+ Kh6 49. Ne6 Qa1+ 50. Kh2 Qe5+ 51. Kh1 Qa1+ 52. Kh2 Qe5+ 53. Nf4 Ne7 54. a6 Qxe3 55. Qf8+ Kg5 56. a7 Nf5 57. Qd8+ Kh6 58. Qh8+ Kg5 59. Qd8+ 1-0

[Event "Titled Tuesday intern op 11th Feb Early"]
[Site "Chess.com INT"]
[Date "2025.02.11"]
[Round "7"]
[White "Manvelyan, Mikayel"]
[Black "Akobian, Varuzhan"]
[Result "1-0"]
[WhiteElo "2306"]
[BlackElo "2564"]
[PlyCount "73"]
[EventDate "2025.02.11"]
[EventType "swiss (blitz)"]
[EventRounds "11"]
[EventCountry "USA"]
[SourceTitle "CB09_2025"]
[SourceDate "2025.02.27"]
[SourceVersion "1"]
[SourceVersionDate "2025.02.27"]
[SourceQuality "1"]

1. e4 e6 2. d4 d5 3. Nd2 Nf6 4. e5 Nfd7 5. c3 c5 6. f4 Nc6 7. Ndf3 c4 8. Ne2 b5 9. g4 h5 10. gxh5 Rxh5 11. Ng3 Rh8 12. f5 Nb6 13. fxe6 Bxe6 14. Ng5 Qd7 15. Nxe6 Qxe6 16. h4 Be7 17. h5 Nxe5 18. dxe5 Qxe5+ 19. Ne2 Rxh5 20. Bf4 Qf5 21. Rxh5 Qxh5 22. Ng3 Qh4 23. Qf3 Kf8 24. 0-0-0 Bg5 25. Bxg5 Qxg5+ 26. Kb1 Re8 27. Nf5 g6 28. Nd6 Re7 29. Nxb5 Kg7 30. Nd4 Na4 31. Nc6 Rb7 32. Nb4 a5 33. Rxd5 Qe7 34. Rxa5 Qe1+ 35. Kc2 Rd7 36. Rd5 Re7 37. Bxc4 1-0

[Event "Titled Tuesday intern op 11th Feb Early"]
[Site "Chess.com INT"]
[Date "2025.02.11"]
[Round "2"]
[White "Taichman, Ori"]
[Black "Akobian, Varuzhan"]
[Result "0-1"]
[WhiteElo "2354"]
[BlackElo "2564"]
[PlyCount "74"]
[EventDate "2025.02.11"]
[EventType "swiss (blitz)"]
[EventRounds "11"]
[EventCountry "USA"]
[SourceTitle "CB09_2025"]
[SourceDate "2025.02.27"]
[SourceVersion "1"]
[SourceVersionDate "2025.02.27"]
[SourceQuality "1"]

1. e4 d6 2. d4 Nf6 3. Nc3 c6 4. Bg5 Qa5 5. Qd2 e5 6. Bxf6 gxf6 7. f4 h5 8. Nf3 Bh6 9. g3 Bg4 10. Be2 Nd7 11. 0-0-0 0-0-0 12. Kb1 Qc7 13. Nh4 exf4 14. Bxg4 hxg4 15. Nf5 Nf8 16. d5 Ng6 17. dxc6 bxc6 18. gxf4 Bxf4 19. Qe2 Be5 20. Qxg4 Kb7 21. Na4 Rxh2 22. Rxh2 Bxh2 23. Qh3 Be5 24. Qb3+ Ka8 25. c3 Rb8 26. Qc4 Nf4 27. Rh1 Ne6 28. Rh7 Ng5 29. Rg7 Qb7 30. b3 Qb5 31. Nb2 Qb6 32. a4 a5 33. Ka2 Nxe4 34. Rxf7 Nd2 35. Qe6 Nxb3 36. Ka3 Nc5 37. Qa2 Bxc3 0-1

[Event "Titled Tuesday intern op 11th Feb Early"]
[Site "Chess.com INT"]
[Date "2025.02.11"]
[Round "9"]
[White "Wagner, Dennis"]
[Black "Akobian, Varuzhan"]
[Result "0-1"]
[WhiteElo "2614"]
[BlackElo "2564"]
[PlyCount "100"]
[EventDate "2025.02.11"]
[EventType "swiss (blitz)"]
[EventRounds "11"]
[EventCountry "USA"]
[SourceTitle "CB08_2025"]
[SourceDate "2025.02.19"]
[SourceVersion "1"]
[SourceVersionDate "2025.02.19"]
[SourceQuality "1"]

1. e4 e6 2. d4 d5 3. Nc3 Nf6 4. e5 Nfd7 5. f4 c5 6. Nf3 Nc6 7. Be3 cxd4 8. Nxd4 Bc5 9. Qd2 a6 10. 0-0-0 0-0 11. Qf2 Nxd4 12. Bxd4 Qc7 13. Kb1 b5 14. Ne2 b4 15. Ng3 a5 16. Bb5 Bxd4 17. Qxd4 Nc5 18. Nh5 Ba6 19. Bxa6 Rxa6 20. f5 exf5 21. Nf4 Ne6 22. Nxd5 Qb7 23. Qh4 Re8 24. Rhf1 a4 25. Qxb4 Qa7 26. Rxf5 Rb8 27. Ne7+ Kh8 28. Rxf7 Rab6 29. Ng6+ Kg8 30. Rxa7 Rxb4 31. Ne7+ Kf8 32. b3 axb3 33. axb3 Rf4 34. Nc6 Rc8 35. Rdd7 Rf1+ 36. Kb2 Rf2 37. Rd6 Nf4 38. b4 Ng6 39. b5 Nxe5 40. Nxe5 Rfxc2+ 41. Kb3 R8c3+ 42. Kb4 Rc8 43. Nc6 Rxg2 44. Rd8+ Rxd8 45. Nxd8 Rxh2 46. Ne6+ Kg8 47. Rxg7+ Kh8 48. Rc7 h5 49. b6 Rb2+ 50. Kc5 h4 0-1

[Event "Titled Tuesday intern op 04th Feb Late"]
[Site "Chess.com INT"]
[Date "2025.02.04"]
[Round "7"]
[White "Akobian, Varuzhan"]
[Black "Sheehan, Ethan"]
[Result "1/2-1/2"]
[WhiteElo "2564"]
[BlackElo "2363"]
[PlyCount "124"]
[EventDate "2025.02.04"]
[EventType "swiss (blitz)"]
[EventRounds "11"]
[EventCountry "USA"]
[SourceTitle "CB07_2025"]
[SourceDate "2025.02.12"]
[SourceVersion "1"]
[SourceVersionDate "2025.02.12"]
[SourceQuality "1"]

1. d4 d5 2. c4 e6 3. Nc3 Nf6 4. cxd5 exd5 5. Bg5 Bb4 6. Qa4+ Nc6 7. e3 h6 8. Bxf6 Qxf6 9. Nf3 0-0 10. Rc1 Bg4 11. Be2 Qd6 12. 0-0 Bxc3 13. bxc3 Ne7 14. c4 dxc4 15. Qxc4 c6 16. Qc5 Rfd8 17. h3 Be6 18. a3 b6 19. Qxd6 Rxd6 20. Ne5 Rc8 21. Ba6 Rc7 22. Rc2 Bf5 23. Rc3 Nd5 24. Rcc1 c5 25. dxc5 Rxc5 26. Rxc5 bxc5 27. Bc4 Be4 28. Rd1 Re6 29. Nd7 Nc3 30. Bxe6 Nxd1 31. Nxc5 Bc6 32. Bb3 Nc3 33. e4 Nxe4 34. Nxe4 Bxe4 35. f3 Bc6 36. Kf2 Kf8 37. Ke3 Ke7 38. Kd4 Bb5 39. g3 Bf1 40. h4 f6 41. Kc5 Kd7 42. Bd5 Kc7 43. Be4 Ba6 44. Kd5 Bc8 45. Kc5 Ba6 46. f4 Bc8 47. a4 Bd7 48. a5 Bc8 49. Bd5 Bd7 50. Bc4 Bc8 51. Bb5 Be6 52. Bd3 Bc8 53. Kd5 Bd7 54. Kc5 Bc8 55. Bc4 Bd7 56. Bb5 Bc8 57. Ba4 Be6 58. Bb5 Bc8 59. Bc4 Bd7 60. Kd5 Bc8 61. Bb5 Bf5 62. Kc5 Bc8 1/2-1/2

[Event "Titled Tuesday intern op 04th Feb Late"]
[Site "Chess.com INT"]
[Date "2025.02.04"]
[Round "11"]
[White "Bok, Benjamin"]
[Black "Akobian, Varuzhan"]
[Result "0-1"]
[WhiteElo "2583"]
[BlackElo "2564"]
[PlyCount "110"]
[EventDate "2025.02.04"]
[EventType "swiss (blitz)"]
[EventRounds "11"]
[EventCountry "USA"]
[SourceTitle "CB07_2025"]
[SourceDate "2025.02.12"]
[SourceVersion "1"]
[SourceVersionDate "2025.02.12"]
[SourceQuality "1"]

1. d4 e6 2. c4 f5 3. g3 Nf6 4. Nf3 d5 5. Nc3 c6 6. Bf4 Bd6 7. e3 0-0 8. Bd3 Qe7 9. 0-0 Nbd7 10. cxd5 Nxd5 11. Bxd6 Qxd6 12. Rc1 b6 13. Nxd5 exd5 14. Qc2 c5 15. Bxf5 Nf6 16. Bxc8 Raxc8 17. Ne5 Qe6 18. Qd1 c4 19. Kg2 b5 20. Qe2 Rce8 21. b3 Nd7 22. Nxd7 Qxd7 23. a4 a6 24. axb5 axb5 25. Ra1 Rf7 26. Ra5 g6 27. Qb2 Qf5 28. Qe2 Qe4+ 29. Kg1 Rb7 30. Rfa1 h5 31. Ra8 Rxa8 32. Rxa8+ Kg7 33. Qa2 Rf7 34. h4 g5 35. hxg5 h4 36. gxh4 Qg4+ 37. Kf1 Qd1+ 38. Kg2 Qf3+ 39. Kg1 cxb3 40. Qd2 Qg4+ 41. Kf1 Qh3+ 42. Kg1 Qg4+ 43. Kf1 Qh3+ 44. Kg1 Qxh4 45. f4 Qg3+ 46. Kf1 Qf3+ 47. Kg1 Re7 48. Rb8 Rxe3 49. Rb7+ Kg6 50. Rb6+ Kf5 51. Rxb5 Qg3+ 52. Kf1 Qxf4+ 53. Qf2 Rf3 54. Rxd5+ Kg4 55. Kg2 Rxf2+ 0-1

[Event "Titled Tuesday intern op 21st Jan Late"]
[Site "Chess.com INT"]
[Date "2025.01.21"]
[Round "2"]
[White "Akobian, Varuzhan"]
[Black "Belli, Giorgio"]
[Result "1-0"]
[WhiteElo "2564"]
[BlackElo "2205"]
[PlyCount "49"]
[EventDate "2025.01.21"]
[EventType "swiss (blitz)"]
[EventRounds "11"]
[EventCountry "USA"]
[SourceTitle "CB05_2025"]
[SourceDate "2025.01.29"]
[SourceVersion "1"]
[SourceVersionDate "2025.01.29"]
[SourceQuality "1"]

1. d4 Nf6 2. c4 e6 3. Nf3 d5 4. Nc3 c6 5. Bg5 Be7 6. e3 Nbd7 7. Qc2 0-0 8. 0-0-0 Qa5 9. Kb1 dxc4 10. Bxc4 b5 11. Bd3 a6 12. Bxh7+ Nxh7 13. Bxe7 Re8 14. Bd6 Nhf6 15. e4 Bb7 16. e5 Nd5 17. Nxd5 cxd5 18. Ng5 g6 19. Qb3 Kg7 20. h4 Rh8 21. h5 Rxh5 22. Rxh5 gxh5 23. Qg3 Kh6 24. Nxf7+ Kh7 25. Rh1 1-0

[Event "Titled Tuesday intern op 21st Jan Late"]
[Site "Chess.com INT"]
[Date "2025.01.21"]
[Round "11"]
[White "Akobian, Varuzhan"]
[Black "Deac, Bogdan Daniel"]
[Result "0-1"]
[WhiteElo "2564"]
[BlackElo "2696"]
[PlyCount "62"]
[EventDate "2025.01.21"]
[EventType "swiss (blitz)"]
[EventRounds "11"]
[EventCountry "USA"]
[SourceTitle "CB05_2025"]
[SourceDate "2025.01.29"]
[SourceVersion "1"]
[SourceVersionDate "2025.01.29"]
[SourceQuality "1"]

1. d4 Nf6 2. c4 e6 3. Nf3 d5 4. Nc3 dxc4 5. Bg5 Bb4 6. e4 h6 7. Bxf6 Qxf6 8. Bxc4 c5 9. 0-0 0-0 10. e5 Qd8 11. Qe2 cxd4 12. Ne4 Be7 13. Rad1 Qc7 14. Rfe1 Rd8 15. a3 Bd7 16. Ng3 Ba4 17. Rxd4 Rxd4 18. Nxd4 Nd7 19. Bxe6 fxe6 20. Nxe6 Qxe5 21. Qxe5 Nxe5 22. Rxe5 Bf6 23. Re2 Bb5 24. Re3 Rc8 25. h3 Rc1+ 26. Kh2 Rc2 27. Ne4 Bxb2 28. f4 Bc6 29. f5 Be5+ 30. Kg1 Rb2 31. g4 Kf7 0-1

[Event "Titled Tuesday intern op 21st Jan Late"]
[Site "Chess.com INT"]
[Date "2025.01.21"]
[Round "3"]
[White "Akobian, Varuzhan"]
[Black "Jodar Arias, Marlon"]
[Result "1-0"]
[WhiteElo "2564"]
[BlackElo "2195"]
[PlyCount "167"]
[EventDate "2025.01.21"]
[EventType "swiss (blitz)"]
[EventRounds "11"]
[EventCountry "USA"]
[SourceTitle "CB05_2025"]
[SourceDate "2025.01.29"]
[SourceVersion "1"]
[SourceVersionDate "2025.01.29"]
[SourceQuality "1"]

1. d4 d5 2. c4 e6 3. Nc3 Nf6 4. cxd5 exd5 5. Bg5 c6 6. Qc2 Be7 7. e3 Nbd7 8. Bd3 h6 9. Bh4 Nh5 10. Bxe7 Qxe7 11. Nge2 Nb6 12. 0-0-0 Bd7 13. Kb1 0-0-0 14. Na4 Nxa4 15. Qxa4 Kb8 16. Rc1 Rhe8 17. Qa5 Bc8 18. Rc3 Qc7 19. Qa4 Nf6 20. Rhc1 Rd6 21. Ra3 a6 22. Rb3 Ka8 23. Nc3 Rdd8 24. h3 Ne4 25. Bxe4 dxe4 26. d5 Bd7 27. Qd4 c5 28. Qxg7 f5 29. Qxh6 Bc8 30. Qb6 Qxb6 31. Rxb6 Rg8 32. g3 Ka7 33. Rf6 b5 34. d6 Bb7 35. Ne2 Rgf8 36. Rxf8 Rxf8 37. Rxc5 Kb6 38. Rc1 Rd8 39. Rd1 Kc5 40. Nf4 Rxd6 41. b4+ Kc6 42. Rxd6+ Kxd6 43. Kb2 Ke5 44. Kc3 Bc6 45. h4 Be8 46. a3 Bf7 47. Kd2 Bc4 48. Ke1 Bg8 49. f3 exf3 50. Kf2 Ke4 51. Nh3 Kd3 52. Ng5 Kc3 53. h5 Kb3 54. h6 Kxa3 55. h7 Bxh7 56. Nxh7 Kxb4 57. e4 fxe4 58. g4 Kc5 59. Nf6 b4 60. Nxe4+ Kd4 61. g5 b3 62. g6 b2 63. Nd2 Kd3 64. Nb1 Kc2 65. g7 Kxb1 66. g8Q Ka1 67. Qg7 a5 68. Qd4 Ka2 69. Qa4+ Kb1 70. Kxf3 Kc1 71. Qc4+ Kd2 72. Qb3 Kc1 73. Qc3+ Kb1 74. Qxa5 Kc2 75. Qc5+ Kd2 76. Qb4+ Kc2 77. Qc4+ Kd2 78. Qb3 Kc1 79. Qc3+ Kb1 80. Ke2 Ka2 81. Qc2 Ka1 82. Qa4+ Kb1 83. Kd3 Kc1 84. Qc2# 1-0

[Event "Titled Tuesday intern op 21st Jan Late"]
[Site "Chess.com INT"]
[Date "2025.01.21"]
[Round "6"]
[White "Akobian, Varuzhan"]
[Black "Theodorou, Nikolas"]
[Result "1-0"]
[WhiteElo "2564"]
[BlackElo "2612"]
[PlyCount "69"]
[EventDate "2025.01.21"]
[EventType "swiss (blitz)"]
[EventRounds "11"]
[EventCountry "USA"]
[SourceTitle "CB05_2025"]
[SourceDate "2025.01.29"]
[SourceVersion "1"]
[SourceVersionDate "2025.01.29"]
[SourceQuality "1"]

1. d4 Nf6 2. c4 c5 3. d5 b5 4. cxb5 a6 5. b6 e6 6. Nc3 exd5 7. Nxd5 Nxd5 8. Qxd5 Nc6 9. Nf3 Rb8 10. e4 Be7 11. Bc4 0-0 12. 0-0 Rxb6 13. Rd1 d6 14. h3 Be6 15. Qd3 Qc8 16. b3 Bf6 17. Rb1 Nb4 18. Qe2 Re8 19. Bf4 d5 20. exd5 Nxd5 21. Bxd5 Bxd5 22. Be3 Bb7 23. Rbc1 Rc6 24. Qc4 h6 25. Bxc5 Bb2 26. Rc2 Rg6 27. Nh4 Qxh3 28. f3 Be5 29. Nxg6 Qh2+ 30. Kf1 Qh1+ 31. Bg1 Bg3 32. Re2 Rc8 33. Ne7+ Kh7 34. Nxc8 Bxf3 35. Qd3+ 1-0

[Event "Titled Tuesday intern op 21st Jan Late"]
[Site "Chess.com INT"]
[Date "2025.01.21"]
[Round "9"]
[White "Martinez Alcantara, Jose Eduardo"]
[Black "Akobian, Varuzhan"]
[Result "1-0"]
[WhiteElo "2606"]
[BlackElo "2564"]
[PlyCount "42"]
[EventDate "2025.01.21"]
[EventType "swiss (blitz)"]
[EventRounds "11"]
[EventCountry "USA"]
[SourceTitle "CB05_2025"]
[SourceDate "2025.01.29"]
[SourceVersion "1"]
[SourceVersionDate "2025.01.29"]
[SourceQuality "1"]

1. e4 e6 2. d4 d5 3. Nc3 Nf6 4. Qd3 c5 5. Nf3 Nc6 6. exd5 exd5 7. Be2 c4 8. Qd1 Bb4 9. 0-0 Bxc3 10. bxc3 Ne4 11. Qe1 0-0 12. Bxc4 Re8 13. Be2 Nxc3 14. Qxc3 Rxe2 15. Qd3 Re4 16. Ng5 Rh4 17. c3 h6 18. Qh7+ Kf8 19. Qh8+ Ke7 20. Qxg7 Be6 21. Re1 h5 1-0